[Event "Open A"]
[Site "Hamburg GER"]
[Date "2005.10.03"]
[Round "3"]
[White "Atri,J"]
[Black "Ghadimi,M"]
[Result "1-0"]
[WhiteElo "2125"]
[BlackElo "2145"]

1.e4 c5 2.Nf3 Nc6 3.d4 cxd4 4.Nxd4 Qb6 5.Nb3 e6 6.Bd3 Nf6 7.O-O Be7 8.Nc3 a6
9.Be3 Qc7 10.a4 b6 11.f4 d6 12.Kh1 O-O 13.g4 Bb7 14.g5 Nd7 15.Qh5 g6 16.Qh6 Rfe8
17.Rf3 Rad8 18.Rh3 Nf8 19.Kg1 d5 20.f5 f6 21.fxg6 d4 22.g7 dxe3 23.gxf6 Bxf6
24.Qxf6 Ng6 25.Rxe3 Rd7 26.Rf1 Rxg7 27.Rg3 Qd6 28.Qf2 Nce5 29.Qd4 Qc7 30.Nd2 Rd8
31.Qe3 Kh8 32.Nf3 Rdg8 33.Kh1 Qd6 34.Qd4 Qc7 35.Nxe5 Nxe5 36.Rxg7 Qxg7 37.Rg1 Qc7
38.Rxg8+ Kxg8 39.Ne2 Kf7 40.Qc3 Qd6 41.Qd4 Qc7 42.Qf2+ Ke8 43.Qg3 Kf7 44.Ng1 Qc5
45.b4 Qd4 46.Qf4+ Ke8 47.Ne2 Qa1+ 48.Kg2 Nd7 49.Qc7 Qg7+ 50.Ng3 h5 51.h4  1-0

[Event "12th Young Masters"]
[Site "Zug SUI"]
[Date "2005.10.08"]
[Round "1"]
[White "Kurmann,O"]
[Black "Sakelsek,T"]
[Result "1/2-1/2"]
[WhiteElo "2287"]
[BlackElo "2404"]

1.e4 c5 2.Nf3 Nc6 3.d4 cxd4 4.Nxd4 Qc7 5.Nc3 e6 6.Be3 a6 7.Qd2 Nf6 8.O-O-O Bb4
9.f3 Ne7 10.Nde2 d5 11.Bg5 dxe4 12.Bxf6 gxf6 13.Qd4 exf3 14.Qxb4 fxe2 15.Bxe2 f5
16.Bb5+ axb5 17.Nxb5 Qa5 18.Qc5 f6 19.b4 Qxa2 20.Rd8+ Kxd8 21.Qc7+ Ke8 22.Nd6+ Kf8
23.Qd8+ Kg7 24.Qxe7+ Kg6 25.Qf7+ Kg5 26.Qg7+ Kh5 27.Qxh8 Qa1+ 28.Kd2 Qd4+
29.Ke2 Qe5+ 30.Kf2 Qf4+ 31.Ke2 Qe5+  1/2-1/2

[Event "FSGM October"]
[Site "Budapest HUN"]
[Date "2005.10.10"]
[Round "10"]
[White "Wittmann,W"]
[Black "Boros,De"]
[Result "1/2-1/2"]
[WhiteElo "2376"]
[BlackElo "2460"]

1.e4 c5 2.Nf3 Nc6 3.d4 cxd4 4.Nxd4 Qc7 5.Nc3 e6 6.g3 a6 7.Bg2 d6 8.O-O Be7
9.Re1 Bf6 10.Nxc6 bxc6 11.Bf4 e5 12.Be3 Ne7 13.Qd2 Be6 14.Rad1 Rd8  1/2-1/2

[Event "12th Young Masters"]
[Site "Zug SUI"]
[Date "2005.10.11"]
[Round "4"]
[White "Widmer,S"]
[Black "Sakelsek,T"]
[Result "1/2-1/2"]
[WhiteElo "2201"]
[BlackElo "2404"]

1.e4 c5 2.Nf3 Nc6 3.d4 cxd4 4.Nxd4 Qb6 5.Nb3 Nf6 6.Nc3 e6 7.Qe2 Bb4 8.Bd2 O-O
9.O-O-O Rd8 10.a3 Be7 11.g4 d6 12.h4 a6 13.h5 Qc7 14.g5 Nd7  1/2-1/2

[Event "TCh-CZE Extraliga 2005-6"]
[Site "Czech Rep CZE"]
[Date "2005.10.15"]
[Round "1"]
[White "Antoniewski,R"]
[Black "Oral,T"]
[Result "1/2-1/2"]
[WhiteElo "2498"]
[BlackElo "2550"]

1.e4 c5 2.Nf3 Nc6 3.d4 cxd4 4.Nxd4 Qc7 5.Nc3 e6 6.Be2 a6 7.O-O Nf6 8.Be3 Be7
9.f4 d6 10.a4 O-O 11.Kh1 Re8 12.Bd3 Nb4 13.a5 Bd7 14.Qe1 Rac8 15.Qg3 Nh5
16.Qf3 Nf6 17.Qg3 Nh5 18.Qf3  1/2-1/2

[Event "Goodbye Summer Open"]
[Site "Omis CRO"]
[Date "2005.10.15"]
[Round "8"]
[White "Ivic,M"]
[Black "Ljubicic,F"]
[Result "0-1"]
[WhiteElo "2219"]
[BlackElo "2400"]

1.e4 c5 2.Nf3 Nc6 3.d4 cxd4 4.Nxd4 Qc7 5.Nc3 e6 6.Be3 Nf6 7.f4 d6 8.g4 a6
9.g5 Nd7 10.Qd2 Nc5 11.Bg2 Bd7 12.Nb3 b6 13.O-O-O Be7 14.h4 O-O-O 15.Kb1 Kb8
16.Qe2 Bc8 17.Rd2 Bb7 18.Rhd1 h6 19.f5 hxg5 20.hxg5 Ne5 21.Nxc5 bxc5 22.Bf4 Nc6
23.f6 gxf6 24.gxf6 Bxf6 25.Rxd6 Be5 26.Rxd8+ Rxd8 27.Rxd8+ Qxd8 28.Qe3 Qd6
29.Bxe5 Nxe5 30.a3 Qd4 31.Qf4 Ka7 32.Bf1 f5 33.Ne2 Qxe4 34.Qf2 Qd5 35.Nf4 Qd6
36.Bd3 Ng4 37.Qg3 Nf6 38.Qe3 e5 39.Ne2 f4 40.Qf2 f3 41.Nc3 e4 42.Bf1 Qd4
43.Qg3 Nd5 44.Nxd5 Qxd5 45.Qe1 Qd4 46.c3 Qg1 47.Ka2 e3 48.Qd1 Qf2 49.Bxa6 Qd2
50.Qb3 Bxa6 51.Qf7+ Bb7  0-1

[Event "TCh-HUN 2005-6"]
[Site "Hungary HUN"]
[Date "2005.10.16"]
[Round "1"]
[White "Nemeth,Mi1"]
[Black "Sax,G"]
[Result "1/2-1/2"]
[WhiteElo "2378"]
[BlackElo "2520"]

1.e4 c5 2.Nf3 Nc6 3.d4 cxd4 4.Nxd4 Qb6 5.Nb3 Nf6 6.Nc3 e6 7.Bd3 a6 8.Be3 Qc7
9.f4 Bb4 10.O-O d5 11.e5 Nd7 12.Ne2 Nb6 13.c3 Be7 14.Qc2 Bd7 15.Rac1 h6 16.Ng3 h5  1/2-1/2

[Event "TCh-HUN 2005-6"]
[Site "Hungary HUN"]
[Date "2005.10.16"]
[Round "1"]
[White "Kovacs,Zs1"]
[Black "Berczes,C"]
[Result "1-0"]
[WhiteElo "2320"]
[BlackElo "2389"]

1.e4 c5 2.Nf3 Nc6 3.d4 cxd4 4.Nxd4 Qc7 5.Nc3 e6 6.Be3 a6 7.Be2 Nf6 8.O-O Be7
9.f4 d6 10.Bf3 O-O 11.Nb3 b5 12.a3 Bb7 13.Qe1 Rfe8 14.Qg3 Bf8 15.Rf2 Ne7
16.Bd4 Nd7 17.Qh3 e5 18.fxe5 Nxe5 19.Raf1 N7g6 20.Bh5 Re7 21.Nd5 Bxd5 22.exd5 Rae8
23.Bc3 Nc4 24.Nd4 Ne3 25.Bxg6 hxg6 26.Ne6 fxe6 27.Qxe3 exd5 28.Qd3 Qc4 29.Qxg6 Qe4
30.Qxd6 Rc8 31.Qxa6 Rec7 32.Kh1 Bc5 33.Rf4 Qe8 34.Re1 Qh5 35.Qe6+ Kh8 36.Rf5 Qh4
37.Ree5 Rc6 38.Rh5+  1-0

[Event "Independence Day Women"]
[Site "Sheki AZE"]
[Date "2005.10.17"]
[Round "3"]
[White "Vasilevich,I"]
[Black "Javakhishvili,L"]
[Result "0-1"]
[WhiteElo "2389"]
[BlackElo "2410"]

1.e4 c5 2.Nf3 Nc6 3.d4 cxd4 4.Nxd4 Qc7 5.Nc3 e6 6.Be2 a6 7.O-O Nf6 8.Be3 Be7
9.f4 d6 10.Kh1 O-O 11.a4 Re8 12.Bf3 Nd7 13.f5 Nde5 14.Bh5 g6 15.Bg4 Bf8 16.fxe6 fxe6
17.Bh3 Bg7 18.Qe2 Bd7 19.Nb3 b6 20.Rad1 Nb4 21.Nd4 Rab8 22.Bg1 Nc4 23.b3 Nb2
24.Rb1 Qxc3 25.Rf3 N2d3 26.Rd1 Rbc8 27.Rfxd3 Nxd3 28.Rxd3 Qb2 29.Rd2 Qc3
30.Rd3 Qc7 31.c3 b5 32.axb5 axb5 33.Rf3 Qb7 34.Qd3 Ra8 35.Rf1 Re7 36.Nf3 Ra6
37.e5 dxe5 38.Ng5 Qd5 39.Qg3 h6 40.Nf3 Be8 41.b4 Qd3 42.Re1 Qxc3 43.Bc5 Rd7
44.Qf2 Bf7 45.g3 Ra1 46.Rxa1 Qxa1+ 47.Bf1 e4 48.Nd2 Rxd2  0-1

[Event "SCG First League w"]
[Site "Vrnjacka Banja SCG"]
[Date "2005.10.17"]
[Round "1"]
[White "Mladenovic,J"]
[Black "Djukic,Sa"]
[Result "1-0"]
[WhiteElo "2156"]
[BlackElo "2140"]

1.e4 c5 2.Nf3 Nc6 3.d4 cxd4 4.Nxd4 Qc7 5.Nc3 e6 6.Be2 Nf6 7.O-O a6 8.Be3 Bb4
9.Nxc6 bxc6 10.Na4 Be7 11.Nb6 Rb8 12.Nxc8 Qxc8 13.Bd4 c5 14.Be5 Rb6 15.Qd3 O-O
16.a4 Rd8 17.Bc3 Rf8 18.a5 Rb8 19.Be5 Ra8 20.Bf3 Ne8 21.Rfd1 Ra7 22.Bf4 d6
23.c3 Rc7 24.Be2 Rc6 25.b4 c4 26.Qg3 e5 27.Be3 Kh8 28.Rdb1 Nf6 29.Qf3 Qb7
30.Bb6 Rcc8 31.b5 axb5 32.Rxb5 Qxe4 33.a6 Ra8 34.Qxe4 Nxe4 35.Bxc4 Nxc3 36.Rb3 d5
37.Rxc3 dxc4 38.Rxc4 Bd8 39.Bc5 Re8 40.a7 g6 41.Rb1 Bg5 42.Rcb4 e4 43.g3 Bf6
44.Rb8 Be5 45.Rxa8 Rxa8 46.Bd4  1-0

[Event "SCG First League m"]
[Site "Vrnjacka Banja SCG"]
[Date "2005.10.20"]
[Round "4"]
[White "Djukic,Ni"]
[Black "Miladinovic,I"]
[Result "1/2-1/2"]
[WhiteElo "2537"]
[BlackElo "2609"]

1.e4 c5 2.Nf3 Nc6 3.d4 cxd4 4.Nxd4 Qc7 5.Nc3 e6 6.Be2 a6 7.O-O Nf6 8.Kh1 Nxd4
9.Qxd4 Bc5 10.Qd3 b5 11.Bg5 b4 12.Na4 Bb7 13.Nxc5 Qxc5 14.Be3 Qc7 15.f3 d5
16.e5 Qxe5 17.Bc5 a5 18.Qb5+ Nd7 19.Qxb7 Rb8 20.Qa7 Nxc5 21.Qxc5 Qxe2 22.Qc6+  1/2-1/2

[Event "SCG First League m"]
[Site "Vrnjacka Banja SCG"]
[Date "2005.10.21"]
[Round "5"]
[White "Todorovic,J"]
[Black "Ivanisevic,I"]
[Result "1/2-1/2"]
[WhiteElo "2381"]
[BlackElo "2588"]

1.e4 c5 2.Nf3 Nc6 3.d4 cxd4 4.Nxd4 Qc7 5.Nb5 Qb8 6.Bd3 a6 7.N5c3 e6 8.O-O b5
9.Be3 Nf6 10.f4 h5 11.h3 h4 12.e5 Nh5 13.Ne4 Nb4 14.Nbc3 Nxd3 15.Qxd3 Bb7
16.Rad1 Bc6 17.f5 Qxe5 18.Bd4 Qc7 19.Qe3 Be7 20.Bb6 Qe5 21.Bd4 Qc7 22.Bb6 Qe5
23.Bd4 Qc7  1/2-1/2

[Event "SCG First League w"]
[Site "Vrnjacka Banja SCG"]
[Date "2005.10.22"]
[Round "6"]
[White "Stojanovic,An"]
[Black "Djukic,Sa"]
[Result "1/2-1/2"]
[WhiteElo "2195"]
[BlackElo "2140"]

1.e4 c5 2.Nf3 Nc6 3.d4 cxd4 4.Nxd4 Qc7 5.Nc3 e6 6.Be2 a6 7.Be3 Nf6 8.a3 Bd6
9.Qd2 Nxd4 10.Bxd4 Bf4 11.Qd3 b5 12.g3 Bd6 13.O-O-O e5 14.Be3 Bc5 15.Nd5 Bxe3+
16.Qxe3 Nxd5 17.exd5 d6 18.f4 Qe7 19.Bf3 exf4 20.Qxf4 O-O 21.Rhe1 Qd7 22.g4 a5
23.h4 Qd8 24.Be4 b4 25.a4 Qd7 26.b3 Qxg4 27.Qxd6 Qxh4 28.Bxh7+ Qxh7 29.Rh1 Bh3
30.Rd3 Rad8 31.Qg3 Qf5 32.Rxh3 f6 33.Qh2 Kf7 34.Qc7+ Rd7 35.Qxa5 Qf4+ 36.Kb2 Qe5+
37.Ka2 Rc8 38.Rd2 Qe4 39.Rhh2 Rdc7 40.Kb2 Qe5+ 41.Ka2 Qe4 42.Kb2 Qe5+ 43.Ka2 Qe4  1/2-1/2

[Event "II Open"]
[Site "Calvia ESP"]
[Date "2005.10.23"]
[Round "4"]
[White "Galiana,J"]
[Black "Pogorelov,R"]
[Result "1-0"]
[WhiteElo "2239"]
[BlackElo "2439"]

1.e4 c5 2.Nf3 Nc6 3.d4 cxd4 4.Nxd4 Qc7 5.Nc3 e6 6.Nb3 a6 7.Bd3 b5 8.f4 d6
9.Qf3 Bb7 10.O-O Nf6 11.Bd2 Be7 12.Rae1 O-O 13.Qh3 g6 14.Kh1 b4 15.Nd1 d5
16.e5 Ne4 17.Bc1 a5 18.Nf2 Nxf2+ 19.Rxf2 a4 20.Nd2 Nd4 21.Nf1 b3 22.axb3 axb3
23.c3 Ra1 24.Nd2 Nc2 25.Bxc2 bxc2 26.Nb3 Qb6 27.Nxa1 Qxf2 28.Qe3 Qxe3 29.Bxe3 Ra8
30.Nxc2 Ra2 31.Bc1 Ba6 32.Nd4 Bc5 33.Rd1 Bxd4 34.Rxd4 Ra1 35.Rd1 Bd3 36.Kg1 Be4
37.Kf2 h6 38.g3 g5 39.fxg5 hxg5 40.h4 g4 41.Ke3 Kh7 42.Kd4 Kg6 43.Re1 Bf3
44.b4 Rb1 45.Bd2 Rb2 46.Bf4 Ra2 47.Rb1 Be4 48.Rc1 Ra3 49.Re1 Bf3 50.Rb1 Be4
51.Rb2 Bf3 52.Bd2 Kf5 53.h5 f6 54.Bf4 fxe5+ 55.Bxe5 Ra1 56.Bg7 e5+ 57.Kc5 Rc1
58.Kd6 Rxc3 59.Bxe5 Re3 60.Bf4 Re6+ 61.Kc5 Re4 62.b5 Rc4+ 63.Kd6 d4 64.b6 Bb7
65.Rb5+ Ke4 66.Rc5 Rb4 67.Kc7 Ba8 68.h6 Rb2 69.Rh5 Rc2+ 70.Kb8  1-0

[Event "Jababeka Women"]
[Site "Jakarta INA"]
[Date "2005.10.23"]
[Round "4"]
[White "Sukandar,I"]
[Black "Alexandria,N"]
[Result "1/2-1/2"]
[WhiteElo "2092"]
[BlackElo "2323"]

1.e4 c5 2.Nf3 Nc6 3.d4 cxd4 4.Nxd4 Qc7 5.Nc3 e6 6.Be3 a6 7.Bd3 Nf6 8.O-O Ne5
9.h3 Bc5 10.Kh1 d6 11.f4 Ng6 12.Qf3 e5 13.Nde2 Bxe3 14.Qxe3 exf4 15.Nxf4 Nxf4
16.Rxf4 Qe7 17.Raf1 Be6 18.e5 dxe5 19.Qxe5 Kf8 20.Ne4 Nxe4 21.Rxe4 Re8 22.Qf4 Kg8
23.Bc4 h5 24.Qe3 Rh6 25.Re5 Qd7 26.Be2 Rc8 27.c3 Qd8 28.Rxh5 Rxh5 29.Bxh5 Bxa2
30.Bg4 Rc7 31.Rd1 Qe7 32.Qg3 Be6 33.Re1 Rc6 34.Qb8+ Kh7 35.Bf3 Rb6 36.Re5 g6
37.b4 Kg7 38.Rc5 Qf6 39.Qe5 Qxe5 40.Rxe5 Bd7 41.Re7 Bc6 42.Be2 Bd5 43.Rd7 Be6
44.Rc7 Bd5 45.Rd7 Be6 46.Rc7 Bd5  1/2-1/2

[Event "Chigorin Mem"]
[Site "St Petersburg RUS"]
[Date "2005.10.23"]
[Round "9"]
[White "Savchenko,B"]
[Black "Gasanov,E"]
[Result "1-0"]
[WhiteElo "2543"]
[BlackElo "2427"]

1.e4 c5 2.Nf3 Nc6 3.d4 cxd4 4.Nxd4 Qb6 5.Nb3 Nf6 6.Nc3 e6 7.g3 Bb4 8.Bg2 d5
9.O-O Bxc3 10.exd5 Nxd5 11.bxc3 O-O 12.c4 Nde7 13.c5 Qb4 14.Re1 Qc3 15.Rb1 Rd8
16.Qe2 e5 17.Bb2 Qb4 18.Bxe5 Bg4 19.Qf1 Nxe5 20.Rxe5 Be6 21.Qe1 Qxe1+ 22.Rexe1 Nc6
23.c3 Bd5 24.Bxd5 Rxd5 25.Red1 Rxd1+ 26.Rxd1 Rd8 27.Rxd8+ Nxd8 28.Nd4 Kf8
29.Kg2 Ke7 30.Kf3 g6 31.Ke4 f6 32.g4 Kd7 33.f4 Nc6 34.g5 fxg5 35.fxg5 Nd8
36.Ke5 Ke7 37.Kd5 Kd7 38.h4 a6 39.a3 a5 40.Ke5 Ke7 41.a4 h6 42.gxh6 Nf7+
43.Kf4 Kf6 44.h7 Kg7 45.Ne6+ Kxh7 46.Ng5+ Kg7 47.Nxf7 Kxf7 48.Ke5 Ke7 49.c4  1-0

[Event "II Open"]
[Site "Calvia ESP"]
[Date "2005.10.28"]
[Round "9"]
[White "Frick,R"]
[Black "Pogorelov,R"]
[Result "0-1"]
[WhiteElo "2159"]
[BlackElo "2439"]

1.e4 c5 2.Nf3 Nc6 3.d4 cxd4 4.Nxd4 Qc7 5.Nc3 e6 6.Be3 a6 7.Bd3 Nf6 8.h3 Be7
9.O-O d6 10.Qe2 O-O 11.f4 Nb4 12.g4 Re8 13.Rac1 e5 14.Nb3 exf4 15.Bxf4 Be6
16.Nd4 Nd7 17.a3 Nc6 18.Be3 Nxd4 19.Bxd4 Bf6 20.Bxf6 Nxf6 21.Qf2 Nd7 22.Kg2 Ne5
23.Ne2 Rac8 24.Nf4 Qe7 25.Rcd1 Ng6 26.Rd2 Rc5 27.Re2 Nxf4+ 28.Qxf4 Re5 29.Ref2 f6
30.Kg1 h5 31.Rg2 d5 32.b4 Bf7 33.exd5 Bxd5 34.Bc4 Bxc4 35.Qxc4+ Kh8 36.Qf4 Rd8
37.c4 Rd3 38.Rg3 Rxg3+ 39.Qxg3 Qd7 40.c5 Qd4+ 41.Rf2 Re1+ 42.Kg2 Qd1 43.Qb8+ Kh7
44.Kg3 Rg1+ 45.Kh4 Qe1 46.Qh2 g5+ 47.Kxh5 Qe8+  0-1

[Event "Autumn Open"]
[Site "St Petersburg RUS"]
[Date "2005.10.30"]
[Round "2"]
[White "Ivanov,Al3"]
[Black "Nikolaev,V RUS"]
[Result "1-0"]
[WhiteElo "2312"]
[BlackElo "2175"]

1.e4 c5 2.Nf3 Nc6 3.d4 cxd4 4.Nxd4 Qc7 5.Nc3 e6 6.Be3 a6 7.Qd2 b5 8.O-O-O Bb7
9.f3 Nf6 10.g4 d6 11.g5 Nd7 12.h4 Nce5 13.Qf2 Nc4 14.Bxc4 Qxc4 15.Kb1 Qc7
16.Nb3 Bc6 17.Rhe1 Be7 18.h5 b4 19.Nd5 Bxd5 20.exd5 e5 21.f4 O-O 22.fxe5 Nxe5
23.h6 g6 24.Nd4 Ng4 25.Qg3 Nxe3 26.Qxe3 Bd8 27.Nc6 Qd7 28.Qd4 f6 29.Re6 Qf7
30.Nxd8 Raxd8 31.gxf6 Rd7 32.Rde1 a5 33.Qb6 Rb7 34.Qxd6 Rd7 35.Qe5 Rdd8 36.d6 a4
37.b3 a3 38.Rf1 Rfe8 39.Re7 Rxe7 40.dxe7 Re8 41.Rd1  1-0

[Event "Autumn Open"]
[Site "St Petersburg RUS"]
[Date "2005.11.03"]
[Round "6"]
[White "Romanov,Va"]
[Black "Nikolaev,V RUS"]
[Result "0-1"]
[WhiteElo "1920"]
[BlackElo "2175"]

1.e4 c5 2.Nf3 Nc6 3.d4 cxd4 4.Nxd4 Qc7 5.Nc3 e6 6.Be3 a6 7.Qd2 b5 8.O-O-O Bb4
9.f3 Na5 10.Kb1 Bxc3 11.bxc3 Bb7 12.Nb3 Nf6 13.Nxa5 Qxa5 14.Qd6 Rc8 15.Bc5 Qd8
16.Bb6 Qe7 17.Qxe7+ Kxe7 18.Ba5 d5 19.Bb4+ Ke8 20.e5 Nd7 21.f4 f6 22.Bd3 Kf7
23.Kb2 Rhe8 24.Bd6 Nb6 25.Bb4 Rc6 26.h4 f5 27.g4 Nc4+ 28.Kc1 fxg4 29.Bxh7 a5
30.h5 axb4 31.Bg6+ Ke7 32.Bxe8 Kxe8 33.h6 gxh6 34.Rxh6 Kd7 35.Rh7+ Kc8 36.Rg1 Ne3
37.cxb4 Rxc2+ 38.Kb1 Rc4 39.Rc1 d4  0-1

[Event "TCh-HUN 2005-6"]
[Site "Hungary HUN"]
[Date "2005.11.13"]
[Round "3"]
[White "Toth,An1"]
[Black "Horvath,Jo1"]
[Result "1/2-1/2"]
[WhiteElo "2437"]
[BlackElo "2522"]

1.e4 c5 2.Nf3 Nc6 3.d4 cxd4 4.Nxd4 Qb6 5.Nb3 Nf6 6.Nc3 e6 7.Bd3 d6 8.O-O a6
9.a4 Qc7 10.a5 Be7 11.Be3 O-O 12.f4 Nb4 13.Na4 Bd7 14.Nb6 Rab8 15.Qd2 Nxd3
16.cxd3 Bc6 17.Rac1 Nd7 18.Nd4  1/2-1/2

[Event "Open"]
[Site "Lugano SUI"]
[Date "2005.11.18"]
[Round "2"]
[White "Agushi,A"]
[Black "Lazarev,V"]
[Result "0-1"]
[WhiteElo "2123"]
[BlackElo "2513"]

1.e4 c5 2.Nf3 Nc6 3.d4 cxd4 4.Nxd4 Qc7 5.Nc3 e6 6.a3 a6 7.Be2 b5 8.Nxc6 dxc6
9.Be3 Nf6 10.f4 Bb7 11.Bf3 Be7 12.Qe2 Nd7 13.Qf2 c5 14.O-O O-O 15.Kh1 Rac8
16.Qg3 b4 17.Nd1 f5 18.Nf2 Nf6 19.exf5 exf5 20.Nd3 Ne4 21.Bxe4 Bxe4 22.axb4 cxb4
23.Rxa6 Qc4 24.Ra7 Bf6 25.b3 Qb5 26.Ra2 Bxd3 27.cxd3 Qxd3 28.Qf2 Rfe8 29.Bb6 Qxb3
30.Rd2 Qc4 31.h3 b3 32.Rb1 Re4 33.Qf3 b2 34.Rf2 Qb5 35.Ba7 Rc1+ 36.Rf1 Rxf1+  0-1

[Event "18th Belgrade Trophy"]
[Site "Obrenovac SCG"]
[Date "2005.11.22"]
[Round "1"]
[White "Al Atarji,S"]
[Black "Matulovic,M"]
[Result "1/2-1/2"]
[WhiteElo "2099"]
[BlackElo "2397"]

1.e4 c5 2.Nf3 Nc6 3.d4 cxd4 4.Nxd4 Qc7 5.Nc3 e6 6.g3 a6 7.Bg2 Nf6 8.O-O Be7
9.Re1 O-O 10.Nxc6 dxc6 11.e5 Rd8 12.Qf3 Nd5 13.h4 h6 14.Qh5 Nxc3 15.bxc3 Bf8
16.Qg4 Kh8 17.Qf3 Kg8 18.Qg4 Kh8 19.Qf3 Kg8  1/2-1/2

[Event "18th Belgrade Trophy"]
[Site "Obrenovac SCG"]
[Date "2005.11.23"]
[Round "2"]
[White "Matulovic,M"]
[Black "Dabovic,V"]
[Result "1-0"]
[WhiteElo "2397"]
[BlackElo "1989"]

1.e4 c5 2.Nf3 Nc6 3.d4 cxd4 4.Nxd4 Qc7 5.Nc3 e6 6.g3 a6 7.Bg2 Nf6 8.O-O Be7
9.Re1 O-O 10.Nxc6 bxc6 11.e5 Nd5 12.Ne4 f5 13.Nd6 Bxd6 14.exd6 Qb6 15.c4 Nf6
16.Qc2 Qb4 17.Rd1 Rb8 18.Rb1 c5 19.Bd2 Qb6 20.b4 Bb7 21.bxc5 Qa7 22.Bxb7 Rxb7
23.Rxb7 Qxb7 24.Rb1 Qf3 25.Rb3 Qc6 26.Be3 Ng4 27.Qe2 e5 28.f3 Nf6 29.Rb6 Qa4
30.Bg5 h6 31.Bxf6 gxf6 32.Qd3 Qa5 33.Kg2 Qxa2+ 34.Kh3 Qf2 35.Qxf5 Qf1+ 36.Kh4 Qxc4+
37.Qg4+ Qxg4+ 38.Kxg4 f5+ 39.Kh5 Kf7 40.Rxa6 Rc8 41.Ra7 Ke6 42.Rc7 Re8 43.c6 Kxd6
44.cxd7 Rd8 45.Rc2 Rxd7 46.Kxh6 e4 47.Kg5 Ke5 48.f4+ Ke6 49.Rc5 Rd5 50.Rc6+ Kd7
51.Rc2 Kd6 52.h4 Ke6 53.h5 Rd3 54.Rg2 Rd8 55.h6 Rg8+ 56.Kh5 Kf6 57.h7 Re8
58.Kh6 Kf7 59.Kg5 Kg7 60.Kxf5 Kxh7 61.Re2 e3 62.Kg4 Kg6 63.Kf3 Kf5 64.g4+ Kf6
65.Rxe3  1-0

[Event "18th Belgrade Trophy"]
[Site "Obrenovac SCG"]
[Date "2005.11.24"]
[Round "3"]
[White "Martic,I"]
[Black "Matulovic,M"]
[Result "1/2-1/2"]
[WhiteElo "2205"]
[BlackElo "2397"]

1.e4 c5 2.Nf3 Nc6 3.d4 cxd4 4.Nxd4 Qc7 5.Nc3 e6 6.Ndb5 Qb8 7.Be3 a6 8.Bb6 axb5
9.Nxb5 Bb4+ 10.c3 Ba5 11.Nc7+ Qxc7 12.Bxc7 Bxc7 13.Qg4 Kf8 14.Bb5 Nf6 15.Qe2 g6
16.O-O Kg7 17.a4 d5 18.f3 Rd8  1/2-1/2

[Event "TCh-HUN 2005-6"]
[Site "Hungary HUN"]
[Date "2005.11.27"]
[Round "4"]
[White "Medvegy,N"]
[Black "Berczes,C"]
[Result "1/2-1/2"]
[WhiteElo "2368"]
[BlackElo "2389"]

1.e4 c5 2.Nf3 Nc6 3.d4 cxd4 4.Nxd4 Qc7 5.Nc3 e6 6.Be3 a6 7.Qd2 Nf6 8.O-O-O Bb4
9.f3 Ne5 10.Nb3 b5 11.Qe1 Be7 12.f4 Nc4 13.e5 Ng4 14.Bd4 f5 15.h3 Nh6 16.g4 Bb7
17.Rg1 Rc8 18.Qf2 fxg4 19.hxg4 Rf8 20.Bxc4 bxc4 21.Nd2 Nf7 22.Qh2 h6 23.Nde4 Bc6
24.Qh5 Kd8 25.Nc5 Ke8 26.N3e4 Rg8 27.f5 Bxe4 28.Nxe4 Qc6 29.Nd6+ Bxd6 30.exd6 Qxd6
31.Rgf1 Qe7 32.f6 g6 33.Qa5 Qd6 34.Rf2 Qc6 35.a4 d6 36.Re2 Kd7 37.Be5 d5
38.Bd4 Rge8 39.Qb4 Rb8 40.Qa3 Qd6 41.Qh3 Rb4 42.Kb1 Qc6 43.g5 h5 44.Bc3 Rb7
45.Rxd5+ Qxd5 46.Rd2 Kc6 47.Rxd5 exd5 48.Bd4 Nd6 49.Qa3 Ne4 50.a5 Reb8 51.Bb6 Rf7
52.Ka2 h4 53.Qh3 Nxg5 54.Qxh4 Ne6 55.Qg3 Rbf8 56.Qxg6  1/2-1/2

[Event "TCh-CZE Extraliga 2005-6"]
[Site "Czech Rep CZE"]
[Date "2005.12.04"]
[Round "6"]
[White "Laznicka,V"]
[Black "Oral,T"]
[Result "1/2-1/2"]
[WhiteElo "2517"]
[BlackElo "2550"]

1.e4 c5 2.Nf3 Nc6 3.d4 cxd4 4.Nxd4 Qc7 5.Nc3 e6 6.Be2 a6 7.O-O Nf6 8.Be3 Be7
9.f4 d6 10.a4 O-O 11.Kh1 Re8 12.Bf3 Bf8 13.Nb3 Na5 14.Nxa5 Qxa5 15.Qd2 Bd7
16.Qf2 Bc6 17.Rfb1 Qc7 18.Bb6 Qc8 19.a5 Nd7 20.Be3 Qc7 21.Na4 d5 22.Nb6 Nxb6
23.axb6 Qe7 24.exd5 Bxd5 25.Rd1 Rac8 26.Rd2 Qb4 27.c3 Qb5 28.Be2 Qc6 29.Bd1 Bc4
30.Ba4 Bb5 31.Bxb5 Qxb5 32.Rad1 h6 33.Qf3 Bc5 34.Bxc5 Rxc5 35.Qxb7 Rc6 36.Rd8 Rxd8
37.Rxd8+ Kh7 38.Rd1 Rxb6 39.Qxf7  1/2-1/2

[Event "12th Open"]
[Site "Zadar CRO"]
[Date "2005.12.13"]
[Round "3"]
[White "Dabo Peranic,R"]
[Black "Sakelsek,T"]
[Result "0-1"]
[WhiteElo "2262"]
[BlackElo "2404"]

1.e4 c5 2.Nf3 Nc6 3.d4 cxd4 4.Nxd4 Qc7 5.Nc3 e6 6.f4 Nxd4 7.Qxd4 a6 8.Be3 b5
9.O-O-O Bb7 10.Bd3 Rc8 11.Kb1 Nf6 12.e5 Nd5 13.Ne4 Nxe3 14.Qxe3 Bxe4 15.Bxe4 g6
16.Qd3 Rd8 17.Qf3 d5 18.Bd3 Bg7 19.h4 h5 20.g4 Kd7 21.Rdg1 Kc8 22.a4 bxa4
23.Bxa6+ Kb8 24.Qe2 Ka7 25.Bb5 Qa5 26.Qf2+ Qb6 27.Qxb6+ Kxb6 28.Bxa4 Ra8
29.Bb3 hxg4 30.Rxg4 Rh5 31.c4 dxc4 32.Bxc4 Ra4 33.b3 Ra7 34.Kc2 Bf8 35.Kd3 Be7
36.Ke4 Ra8 37.Bxe6 fxe6 38.Rxg6 Bc5 39.Rxe6+ Kb5 40.Rg6 Ra2 41.Rh3 Rf2 42.Rg5 Rh8
43.f5 Rd8 44.e6 Re2+ 45.Kf4 Rd4+ 46.Kf3 Rb2 47.f6 Rxb3+ 48.Ke2 Re4+ 49.Kd2 Rxh3
50.e7 Rf3  0-1

[Event "12th Open"]
[Site "Zadar CRO"]
[Date "2005.12.16"]
[Round "7"]
[White "Palac,M"]
[Black "Kozul,Z"]
[Result "0-1"]
[WhiteElo "2571"]
[BlackElo "2576"]

1.e4 c5 2.Nf3 Nc6 3.d4 cxd4 4.Nxd4 Qb6 5.Nb3 Nf6 6.Nc3 e6 7.Bd3 d6 8.Be3 Qc7
9.Nb5 Qb8 10.c4 Be7 11.f4 O-O 12.O-O Nb4 13.Bb1 b6 14.e5 dxe5 15.fxe5 Qxe5
16.Bf4 Qh5 17.Nc7 Qxd1 18.Rxd1 Rb8 19.Ne8 Rb7 20.Nxf6+ Bxf6 21.Be4 Rd7 22.Rxd7 Bxd7
23.Bd6 Rc8 24.Bb7 Rxc4 25.Nd2 Rc2 26.Bxb4 a5  0-1

[Event "Sekkat mem"]
[Site "Casablanca MAR"]
[Date "2005.12.21"]
[Round "5"]
[White "Adnani,M"]
[Black "Hamdouchi,H"]
[Result "0-1"]
[WhiteElo "2238"]
[BlackElo "2574"]

1.e4 c5 2.Nf3 Nc6 3.d4 cxd4 4.Nxd4 Qb6 5.Nb3 Nf6 6.Nc3 e6 7.Be3 Qc7 8.Bd3 a6
9.f4 d6 10.Qf3 b5 11.O-O-O Bb7 12.Rhe1 Nb4 13.Kb1 Be7 14.f5 e5 15.g4 d5 16.g5 dxe4
17.Nxe4 Nxe4 18.Bxe4 Qxc2+ 19.Bxc2 Bxf3 20.Bc5 Bxd1 21.Bxd1 Nd3 22.Re3 Nxc5
23.Nxc5 O-O-O 24.Bf3 Bxc5 25.Rc3 Kb8 26.Rxc5 Rhe8 27.Bc6 Re7 28.Be4 Rd4 29.f6 gxf6
30.gxf6 Rc7  0-1

[Event "4th TCh-Asia w"]
[Site "Esfahan IRI"]
[Date "2005.12.22"]
[Round "2"]
[White "Salman,Ma"]
[Black "Le Thanh Tu"]
[Result "1-0"]
[WhiteElo "2136"]
[BlackElo "2279"]

1.e4 c5 2.Nf3 Nc6 3.d4 cxd4 4.Nxd4 Qb6 5.Nb3 Nf6 6.Nc3 e6 7.Be3 Qc7 8.Be2 a6
9.Qd2 d6 10.f4 b5 11.Bf3 Bb7 12.Qf2 Rc8 13.Bb6 Qb8 14.O-O Be7 15.Rad1 O-O
16.Rfe1 Nd7 17.Be3 Rfd8 18.Nd4 Na5 19.f5 e5 20.Nb3 Nc4 21.Bc1 Ndb6 22.Kh1 Qa8
23.Nd5 Nxd5 24.exd5 a5 25.Nd4 Qa6 26.Nc6 Bxc6 27.dxc6 a4 28.f6 Bxf6 29.Be4 Na5
30.Qf5 Nxc6 31.Rf1 Nd4 32.Qxh7+ Kf8 33.Bd5 Rd7 34.Bh6 Ke7 35.Bxg7 Bxg7 36.Rxf7+ Kd8
37.Rxd7+ Kxd7 38.Qxg7+ Kd8 39.Rf1  1-0

[Event "Xstrata ch-AUS 2006"]
[Site "Brisbane AUS"]
[Date "2005.12.28"]
[Round "1"]
[White "Ly,M"]
[Black "Wohl,A"]
[Result "1-0"]
[WhiteElo "2162"]
[BlackElo "2439"]

1.e4 c5 2.Nf3 Nc6 3.d4 cxd4 4.Nxd4 Qb6 5.Nb3 Nf6 6.Nc3 e6 7.Bd3 d6 8.O-O a6
9.Qe2 Be7 10.Kh1 Qc7 11.f4 b5 12.a3 O-O 13.Bd2 Rb8 14.Rae1 b4 15.axb4 Nxb4
16.Nb5 axb5 17.Bxb4 e5 18.Ra1 Be6 19.Na5 exf4 20.Rxf4 Nd7 21.Nb3 Bxb3 22.cxb3 Ne5
23.Bc3 Nxd3 24.Qxd3 Qd7 25.b4 Qe6 26.Raf1 f6 27.h3 Rf7 28.Rf5 Qc4 29.Qxc4 bxc4
30.Rd5 Bf8 31.g4 Rc7 32.Kg2 Be7 33.Ra1 Kf7 34.Kf3 Ke6 35.Ra6 Rcb7 36.Ke3 Rxb4
37.Bxb4 Rxb4 38.Rd2 Rb3+ 39.Kd4 Rxh3 40.Kxc4 h5 41.gxh5 Rxh5 42.b4 Rh1 43.Rb2 Rh4
44.b5 Ke5 45.b6 Rxe4+ 46.Kb5 Bd8 47.b7 Bc7 48.Rc6  1-0

[Event "Xstrata ch-AUS 2006"]
[Site "Brisbane AUS"]
[Date "2006.01.03"]
[Round "6"]
[White "Canfell,G"]
[Black "Wohl,A"]
[Result "1/2-1/2"]
[WhiteElo "2354"]
[BlackElo "2439"]

1.e4 c5 2.Nf3 Nc6 3.d4 cxd4 4.Nxd4 Qb6 5.Nb3 Nf6 6.Nc3 e6 7.Bd3 d6 8.O-O a6
9.Kh1 Be7 10.f4 Qc7 11.Qf3 Bd7 12.Be3 b5 13.a3 Rb8 14.Rae1 b4 15.Nd1 bxa3
16.bxa3 a5 17.Qg3 h5 18.Nf2 h4 19.Qf3 e5 20.f5 Na7 21.Rb1 Nb5 22.Nxa5 Qxa5
23.c4 O-O 24.cxb5 Bxb5 25.Bxb5 Rxb5 26.Bg5 Rfb8 27.Rxb5 Qxb5 28.Rd1 Qa4 29.h3 Rb3
30.Rd3 Rb1+ 31.Kh2 d5 32.Bxf6 Bxf6 33.Rxd5 Be7 34.Ng4 Qa7 35.Rd1 Rxd1 36.Qxd1 Qxa3
37.Qf3 Qc1 38.Qe3 Qc2 39.Qe1 Bg5 40.Kg1 Bf4 41.Qxh4 Qd1+ 42.Kf2 f6 43.Qh5 Qd4+
44.Kf1 Qc4+ 45.Kf2 Qc5+ 46.Kf1 Qb5+ 47.Kf2 Qc5+  1/2-1/2

[Event "10th Open"]
[Site "Bad Zwesten GER"]
[Date "2006.01.07"]
[Round "8"]
[White "Van den Doel,E"]
[Black "Gutman,L"]
[Result "1-0"]
[WhiteElo "2582"]
[BlackElo "2455"]

1.e4 c5 2.Nf3 Nc6 3.d4 cxd4 4.Nxd4 Qb6 5.Nb3 e6 6.Bd3 Nf6 7.Be3 Qc7 8.f4 d5
9.e5 d4 10.Nxd4 Nd5 11.Nb5 Qa5+ 12.Bd2 Ncb4 13.N1c3 Nxd3+ 14.cxd3 Nxc3 15.Nxc3 Bd7
16.O-O Bc6 17.Be3 Bb4 18.Qc2 O-O 19.a3 Bxc3 20.bxc3 Ba4 21.Qb2 Qa6 22.Qd2 Bb5
23.c4 Bc6 24.a4 b6 25.f5 exf5 26.Rxf5 Qc8 27.Raf1 Qe6 28.Rg5 Kh8 29.Qe2 Bb7
30.Bd4 Rad8 31.Bb2 Rd7 32.d4 Qe7 33.Rg3 Ba6 34.Ba3  1-0